00404 a2200133 4500001001000000005001700010008004100027245006400068100001700132700001900149700001700168773006800185999001700253ART_1250320260410161907.0260409a 10aComparing alternative test of causality in temporal systems1 aGeweke, John1 aMeese, Richard1 aDent, Warren0 tJournal of econometricsg- Vol. 21, NÂș 2 (feb. 1983)wREV11720 c26432d26432